| 000 | 00450nam a22001697a 4500 | ||
|---|---|---|---|
| 005 | 20260417153748.0 | ||
| 008 | 260417b |||||||| |||| 00| 0 eng d | ||
| 020 | _qhbk | ||
| 082 | _a348.7323 UNI. 15 | ||
| 245 | _aUnited States code service:commerce and trade 1701-2800 title 15 USCS | ||
| 250 | _aLawyers | ||
| 260 |
_aNew York: _bLawyers, _c1996. |
||
| 300 |
_axxix,565p. _c24cm. |
||
| 650 | _acommerce | ||
| 650 | _atrade | ||
| 942 | _cENGLISH | ||
| 999 |
_c619630 _d619630 |
||